MESTSKÁ KNIŽNICA GIRALTOVCE  - online katalóg 

Mária Terézia (Record no. 23212)

000 -NÁVESTIE
fixed length control field 01986cam a2200505 4500
001 - EVIDENČNÉ ČÍSLO ZÁZNAMU - Kontrolné číslo
control field vtls011748295
005 - DÁTUM A ČAS POSLEDNEJ TRANSAKCIE
control field 20220427091923.0
008 - ÚDAJE S PEVNOU DĹŽKOU – VŠEOBECNÉ INFORMÁCIE
fixed length control field 210202s2018 xo hojbgrn 001 0bslo
020 ## - MEDZINÁRODNÉ ŠTANDARDNÉ ČÍSLO KNIHY (ISBN)
Medzinárodné štandardné číslo knihy (ISBN) 9788080468743
Qualifying information (viazané)
035 ## - Iný štandardný identifikátor
Iný štandardný identifikátor E1D1FC0E-42B4-450A-8AEE-7BBCEAE8568D
035 ## - Iný štandardný identifikátor
Iný štandardný identifikátor urn:nbn:sk:snk-am3iexk
035 ## - Iný štandardný identifikátor
Iný štandardný identifikátor urn:nbn:sk:snk-am00e7eu
040 ## - ZDROJ KATALOGIZÁCIE
Pôvodná katalogizujúca agentúra PPPK
Jazyk katalogizácie slo
Prepisujúca agentúra PPPK
Modifikujúca agentúra SNK
Konvencie popisu rda
041 0# - KÓD JAZYKA
Kód jazyka textu/zvukovej stopy alebo samostatných nápisov slo
044 ## - KÓD KRAJINY VYDAVATEĽA/PRODUCENTA
Kód krajiny MARC xo
Kód krajiny ISO SK
072 #7 - KÓD PREDMETOVEJ KATEGÓRIE
Kód predmetovej kategórie 929
Pododdiel kódu predmetovej kategórie Biografie
Zdroj konspekt
080 ## - ČÍSLO MEDZINÁRODNÉHO DESATINNÉHO TRIEDENIA (MDT)
Číslo Medzinárodného desatinného triedenia (MDT) 929.731-055.2
Identifikátor vydania 2011
080 ## - ČÍSLO MEDZINÁRODNÉHO DESATINNÉHO TRIEDENIA (MDT)
Číslo Medzinárodného desatinného triedenia (MDT) 929(092)
Identifikátor vydania 2011
080 ## - ČÍSLO MEDZINÁRODNÉHO DESATINNÉHO TRIEDENIA (MDT)
Číslo Medzinárodného desatinného triedenia (MDT) (436+439)
Identifikátor vydania 2011
100 1# - OSOBNÉ MENÁ – VŠEOBECNÉ INFORMÁCIE
Osobné meno Mrva, Ivan,
Dátumy súvisiace s menom 1954-
Kód roly aut
-- 2859
245 10 - NÁZOV
Názov Mária Terézia
Zvyšok názvu vladárka a matka
Údaj o zodpovednosti atď. Ivan Mrva
250 ## - ÚDAJ O PORADÍ VYDANIA
Údaj o poradí vydania Prvé vydanie
264 #1 - VYDAVATEĽSKÉ ÚDAJE, DISTRIBÚCIA ATĎ. - RDA
Miesto publikovania, distribúcie atď. Bratislava
Názov vydavateľa, distibútora atď. Perfekt
Dátum publikovania, distribúcie atď. 2018
300 ## - FYZICKÝ POPIS
Rozsah 201 strán
Ďalšie fyzické detaily faksimile, fotografie, genealogické tabuľky, mapy
Rozmery 25 cm
336 ## - TYP OBSAHU
Typ obsahu - termín text
Typ obsahu - kód txt
Zdroj rdacontent
336 ## - TYP OBSAHU
Typ obsahu - termín statický obraz
Typ obsahu - kód sti
Zdroj rdacontent
337 ## - TYP MÉDIA
Typ média - termín bez média
Typ média - kód n
Zdroj rdamedia
338 ## - TYP NOSIČA
Typ nosiča - termín zväzok
Typ nosiča - kód nc
Zdroj rdacarrier
500 ## - VŠEOBECNÁ POZNÁMKA
Formátovaná poznámka o obsahu Obsahuje bibliografiu na strane 196-197 ; menný register na strane 198-201
500 ## - VŠEOBECNÁ POZNÁMKA
Formátovaná poznámka o obsahu Obsahuje chronologický prehľad na strane 188-195
600 07 - PRIDANÝ VSTUP – PREDMET – OSOBNÉ MENO
Osobné meno Mária Terézia,
Tituly a iné slová súvisiace s menom česká a uhorská kráľovna, cisárovná, manželka Františka Štefana I., rímskonemeckého cisára,
Dátumy súvisiace s menom 1717-1780
Zdroj hesla alebo termínu SNKMA
-- 2902
600 37 - PRIDANÝ VSTUP – PREDMET – OSOBNÉ MENO
Osobné meno Habsburg (rod)
Zdroj hesla alebo termínu SNKMA
-- 2903
648 #7 - PRIDANÝ VSTUP – PREDMET – CHRONOLOGICKÝ TERMÍN
Chronologický termín 1717-1780
Zdroj hesla alebo termínu SNKPH
-- 2904
648 #7 - PRIDANÝ VSTUP – PREDMET – CHRONOLOGICKÝ TERMÍN
Chronologický termín 18. storočie
Zdroj hesla alebo termínu SNKPH
-- 2905
648 #7 - PRIDANÝ VSTUP – PREDMET – CHRONOLOGICKÝ TERMÍN
Chronologický termín 18th century
Zdroj hesla alebo termínu SNKPHeng
-- 2906
650 07 - PRIDANÝ VSTUP – PREDMET – TEMATICKÉ HESLO
Tematické heslo alebo geografický názov ako vstupný prvok panovníčky
Zdroj hesla alebo termínu SNKPH
-- 2907
650 07 - PRIDANÝ VSTUP – PREDMET – TEMATICKÉ HESLO
Tematické heslo alebo geografický názov ako vstupný prvok Queens and empresses
Zdroj hesla alebo termínu SNKPHeng
-- 2908
651 #7 - PRIDANÝ VSTUP – PREDMET – GEOGRAFICKÝ NÁZOV
Geografický názov Austro-Hungarian Monarchy
Zdroj hesla alebo termínu SNKPHeng
-- 2909
651 #7 - PRIDANÝ VSTUP – PREDMET – GEOGRAFICKÝ NÁZOV
Geografický názov Rakúsko-Uhorsko
Zdroj hesla alebo termínu SNKPHgeo
-- 2910
655 #7 - INDEXAČNÝ TERMÍN – ŽÁNER/FORMA
Údaje o žánri/forme alebo termín, ktorý je prvok fazety biografie
Zdroj termínu SNKPH
-- 1756
655 #7 - INDEXAČNÝ TERMÍN – ŽÁNER/FORMA
Údaje o žánri/forme alebo termín, ktorý je prvok fazety Biography
Zdroj termínu SNKPHeng
-- 1759
711 2# - PRIDANÝ VSTUP – MENO ZHROMAŽDENIA
Meno zhromaždenia alebo meno jurisdikcie ako vstupný prvok Najkrajšie a najlepšie detské knihy jari, leta, jesene a zimy na Slovensku
Číslo časti/sekcie/zhromaždenia (28 :
Dátum konania zhromaženia 2017 :
Miesto konania zhromaždenia Bratislava, Slovensko).
Podriadená jednotka Najlepšia detská kniha zimy 2017
-- 2911
958 ## - Formálny deskriptor
Formálny deskriptor BC
958 ## - Formálny deskriptor
Formálny deskriptor NB
Holdings
Stav stiahnutia (Blokovanie) (Withrawn status) Stav straty Zdroj klasifikácie pre skladovanie Stav poškodenia (Damaged status) Nie pre výpožičky (Not for loan) Spôsob nadobudnutia (Collection code) Trvalé umiestnenie Aktuálne umiestnenie Dátum nadobudnutia Náklady, bežná kúpna cena Inventárne číslo (prírastkové číslo) Celkom výpožičky Celkom prolongácie (predĺženia) Full call number Čiarový kód Dátum posledného výskytu Dátum poslednej výpôžičky Cena s účinnosťou od Typ jednotky Koha
          Kúpa Mestská knižnica Giraltovce Mestská knižnica Giraltovce 2019-11-29 13.00 21170 4 2 I1833 I1833 2023-03-03 2022-11-11 2022-04-27 Odborná literatúra pre dospelých

Powered by Koha